Un poeta de transición (Record no. 63271)

MARC details
000 -LEADER
campo de control de longitud fija 00889nam a2200253 4500
001 - NÚMERO DE CONTROL
campo de control 63271
003 - IDENTIFICADOR DE NÚMERO DE CONTROL
campo de control ES-MaACL
005 - FECHA Y HORA DE LA ÚLTIMA TRANSACCIÓN
campo de control 20230906164822.0
007 - CAMPO FIJO DE DESCRIPCIÓN FÍSICA--INFORMACIÓN GENERAL
campo de control de longitud fija t|
008 - DATOS DE LONGITUD FIJA--INFORMACIÓN GENERAL
campo de control de longitud fija 031205s1969 sp af |||| |bspa d
080 ## - NÚMERO DE LA CLASIFICACIÓN DECIMAL UNIVERSAL
Número de la Clasificación Decimal Universal 929 Fernandez-Shaw, Carlos
080 ## - NÚMERO DE LA CLASIFICACIÓN DECIMAL UNIVERSAL
Número de la Clasificación Decimal Universal 86 Fernandez-Shaw, Carlos 1.06
100 1# - ENTRADA PRINCIPAL--NOMBRE DE PERSONA
Nombre de persona Fernández-Shaw, Guillermo,
Fechas asociadas al nombre 1893-1965
9 (RLIN) 50102
245 13 - MENCIÓN DEL TÍTULO
Título Un poeta de transición
Resto del título : vida y obra de Carlos Fernández-Shaw /
Mención de responsabilidad, etc. Guillermo Fernández-Shaw.
260 ## - PUBLICACIÓN, DISTRIBUCIÓN, ETC.
Lugar de publicación, distribución, etc. Madrid :
Nombre del editor, distribuidor, etc. Gredos,
Fecha de publicación, distribución, etc. [1969]
300 ## - DESCRIPCIÓN FÍSICA
Extensión X, 329 p., 1 lám. ;
Dimensiones 20 cm.
490 1# - MENCIÓN DE SERIE
Mención de serie Biblioteca románica hispánica ;
Designación de volumen o secuencia 2
490 1# - MENCIÓN DE SERIE
Mención de serie Estudios y enseñas ;
Designación de volumen o secuencia 129
600 14 - PUNTO DE ACCESO ADICIONAL DE MATERIA--NOMBRE DE PERSONA
Nombre de persona Fernández-Shaw, Carlos,
Fechas asociadas al nombre 1865-1911
9 (RLIN) 50098
830 0# - PUNTO DE ACCESO ADICIONAL DE SERIE-TÍTULO UNIFORME
Título uniforme Biblioteca románica hispánica ;
Designación de volumen o secuencia 2
9 (RLIN) 180746
830 0# - PUNTO DE ACCESO ADICIONAL DE SERIE-TÍTULO UNIFORME
Título uniforme Estudios y enseñas ;
Designación de volumen o secuencia 129
9 (RLIN) 230669
852 ## - LOCALIZACIÓN
Ubicación ES-MaACL
Número de control de estantería C-36463
Holdings
Estatus retirado Estado de pérdida Estado de daño No para préstamo Biblioteca de origen Biblioteca actual Ubicación en estantería Fecha de adquisición Fuente de adquisición Total de préstamos Signatura topográfica completa Código de barras Visto por última vez Precio de reemplazo Tipo de ítem Koha
        Biblioteca del Ateneo de Madrid Biblioteca del Ateneo de Madrid Depósito 2 17/01/2008     C-36463 1066322 23/02/2023 23/02/2023 Libro impreso